| 000 | 005670000a22001930004500 | ||
|---|---|---|---|
| 001 | 004230 | ||
| 003 | MACL | ||
| 005 | 20151001172402.0 | ||
| 008 | 151001b xxu||||| |||| 00| 0 eng d | ||
| 040 |
_aMACL _cMACL |
||
| 041 | _aEnglish | ||
| 082 | _a907.2/SHE | ||
| 100 |
_aShekhawat, V. _913162 |
||
| 245 |
_aOn Rational Historiography _bAn Attempt At Logical Construction Of A Historiography Of Sciences In India _cV. Shekhawat |
||
| 260 |
_aNew Delhi _c1997 _bMunshiram manoharlal Publishers, |
||
| 350 | _a290 | ||
| 650 |
_aHistory _913163 |
||
| 942 |
_k907 _cBK _2ddc |
||
| 999 |
_c16121 _d16121 |
||